| 000 | 01539nam a2200229Ii 4500 | ||
|---|---|---|---|
| 003 | JO-AjNU | ||
| 008 | 230605s9999||||xx |||||||||||||| ||und|| | ||
| 017 | _a24087/6/2011 | ||
| 020 | _a978-9957-19-043-9 | ||
| 040 |
_aJO-AjNU _bara _erda _cJO-AjNU |
||
| 041 | _aara | ||
| 050 | 1 | 4 | _aHQ799.A6.S53 2011 |
| 100 | 3 |
_aالطويسي، عادل وآخرون؛ مراجعة وتقديم تيسير ابو عرجة, _eauthor _961162 |
|
| 245 | 0 | 0 | _aالشباب وعالم جديد |
| 250 | _aط1 | ||
| 264 | 3 | 1 | _aعمان: مؤسسة عبدالحميد شومان، 2011المؤسسة العربية للدراسات والنشر، 2011 |
| 300 |
_a137ص _bضم هذا الكتاب عدداً من المحاضرات التي قدمت في منتدى عبد الحميد شومان الثقافي. إضافة إلى أوراق ندوة عقدت في المنتدى، بالتعاون مع الدائرة الثقافية في الجامعة الأردنية. , يضم هذا الكتاب عدداً من المحاضرات التي قدمت في منتدى عبد الحميد شومان الثقافي. إضافة إلى أوراق ندوة عقدت في المنتدى، بالتعاون مع الدائرة الثقافية في الجامعة الأردنية. |
||
| 336 |
_atext _btxt _2rdacontent |
||
| 337 |
_aunmediated _bn _2rdamedia |
||
| 338 |
_avolume _bnc _2rdacarrier |
||
| 650 | 4 |
_aالشباب-البلاد العربية -مقالات ومحاضرات - العنف في الجامعات-مقالات ومحاضرات _961163 |
|
| 999 |
_aA27628 _c31196 _d31196 |
||